|
|
|
|
| LEADER |
00000nam0a2200000 4500 |
| 001 |
324229 |
| 005 |
20231102003640.0 |
| 035 |
|
|
|a (RuTPU)RU\TPU\book\349826
|
| 090 |
|
|
|a 324229
|
| 100 |
|
|
|a 20161110d1956 km y0rusy50 ca
|
| 101 |
0 |
|
|a rus
|
| 102 |
|
|
|a RU
|
| 105 |
|
|
|a a z 000zy
|
| 200 |
1 |
|
|a Производство картона
|f Б. С. Даровский
|
| 210 |
|
|
|a Москва
|a Ленинград
|c Гослесбумиздат
|d 1956
|
| 215 |
|
|
|a 186 с.
|c ил.
|
| 606 |
1 |
|
|a Картон
|x Производство
|2 stltpush
|3 (RuTPU)RU\TPU\subj\39382
|9 59495
|
| 610 |
1 |
|
|a свойства
|
| 610 |
1 |
|
|a назначение
|
| 610 |
1 |
|
|a сырье
|
| 610 |
1 |
|
|a полуфабрикаты
|
| 610 |
1 |
|
|a химикаты
|
| 610 |
1 |
|
|a оборудование
|
| 610 |
1 |
|
|a технологические процессы
|
| 610 |
1 |
|
|a отливы
|
| 610 |
1 |
|
|a гидравлические прессы
|
| 610 |
1 |
|
|a сушилки
|
| 610 |
1 |
|
|a сушильные установки
|
| 610 |
1 |
|
|a каландрование
|
| 610 |
1 |
|
|a сортировка
|
| 610 |
1 |
|
|a упаковка
|
| 675 |
|
|
|a 676.2
|v 4
|
| 700 |
|
1 |
|a Даровский
|b Б. С.
|g Борис Сергеевич
|
| 801 |
|
1 |
|a RU
|b 63413507
|c 20161110
|
| 801 |
|
2 |
|a RU
|b 63413507
|c 20200318
|g RCR
|
| 942 |
|
|
|c BK
|